Circular Migration of Highly Skilled Labor in EU Countries and its Impact on Migration Policies
Na minha lista:
| Autor principal: | |
|---|---|
| Formato: | Capítulo de Livro |
| Idioma: | inglês |
| Assuntos: | |
| Tags: |
Sem tags, seja o primeiro a adicionar uma tag!
|
MARC
| LEADER | 00000naa$a2200000$$$4500 | ||
|---|---|---|---|
| 001 | 0304202 | ||
| 005 | 20240913094737.2 | ||
| 041 | 0 | |a eng | |
| 044 | |a BG | ||
| 245 | 1 | 0 | |a Circular Migration of Highly Skilled Labor in EU Countries and its Impact on Migration Policies |c Magdaléna Přívarová |
| 500 | |a Abstrakt | ||
| 610 | 2 | 0 | |a migrácia |
| 610 | 2 | 0 | |a politika migračná |
| 610 | 2 | 0 | |a sily pracovné |
| 610 | 2 | 0 | |a kvalifikácia |
| 610 | 2 | 0 | |a globalizácia |
| 610 | 2 | 0 | |a technológie informačné |
| 610 | 2 | 0 | |a technológie komunikačné |
| 610 | 2 | 0 | |a Európska únia |
| 100 | 1 | |a Přívarová, Magdaléna, 1955- | |